header

Reinvent (Record no. 74870)

MARC details
000 -LEADER
fixed length control field 01712nam a2200313 a 4500
082 04 - DEWEY DECIMAL CLASSIFICATION NUMBER
Classification number 658.4/092
100 1# - MAIN ENTRY--AUTHOR NAME
Personal name Hassan, Fred.
245 10 - TITLE STATEMENT
Title Reinvent
260 ## - PUBLICATION, DISTRIBUTION, ETC. (IMPRINT)
Place of publication Hoboken :
Name of publisher Wiley,
Year of publication 2013.
300 ## - PHYSICAL DESCRIPTION
Number of Pages xxvii, 195 p. :
Other physical details ill.
500 ## - GENERAL NOTE
General note Includes index.
505 0# - FORMATTED CONTENTS NOTE
Formatted contents note List of figures -- Foreword -- Author's note -- Introduction -- Unleashing the power of me -- Be authentic -- Be purposeful -- Be connected -- Unleashing the power of we -- Keep leading -- Role model your expectations -- Keep winning -- Conclusion -- Afterword -- Appendices -- Appendix A: Serial success playbook summary -- Appendix B: The concepts behind my playbook -- Appendix C: Values matter -- Appendix D: Bausch + Lomb's rating system descriptors -- Appendix E: Guidelines for expat managers -- Appendix F: Stepping-stones to transformation -- Index -- Acknowledgments -- About the author.
650 #0 - SUBJECT ADDED ENTRY--TOPICAL TERM
Topical Term Leadership.
856 40 - ELECTRONIC LOCATION AND ACCESS
Uniform Resource Identifier http://site.ebrary.com/lib/rucke/Doc?id=10653554

No items available.

© 2026 Rongo University
Contact us: librarian | system librarian | Rongo university